A Quarter Century of Pension Reform in Latin America and the Caribbean : Lessons Learned and Next Steps /
Conjunto de estudios sobre las reformas estructurales en los sistemas nacionales de pensiones en América Latina desarrolladas durante las décadas de 1980 y principalmente de 1990, encabezadas cronológicamente por Chile en 1981 y que México emprendió 16 años después, surgidas de las experiencias y le...
保存先:
| 第一著者: | |
|---|---|
| フォーマット: | 図書 |
| 言語: | 英語 |
| 出版事項: |
Washington, EUA :
Banco Interamericano de Desarrollo,
2005, c2005
|
| 主題: | |
| タグ: |
MARC
| LEADER | 00000nam^a2200000^a^4500 | ||
|---|---|---|---|
| 001 | 000189850 | ||
| 005 | 20250521000000.0 | ||
| 009 | 20260310102429.209 | ||
| 020 | |a 1-59782-020-2 | ||
| 037 | |a Acervo ITESO - Biblioteca | ||
| 041 | |a ING | ||
| 082 | |a 331. 25220980 |b CRA | ||
| 100 | |a Crabbe, Carolin A. |e (ed.) | ||
| 245 | 1 | 2 | |a A Quarter Century of Pension Reform in Latin America and the Caribbean : |b Lessons Learned and Next Steps / |c Ed. de C.A. Crabbe ; pról. de A. Vives. |
| 264 | 4 | |a Washington, EUA : |b Banco Interamericano de Desarrollo, |c 2005, c2005 | |
| 300 | |a VII, 409 p. | ||
| 336 | |a texto |b txt |2 rdacontenido | ||
| 337 | |a sin mediación |b n |2 rdamedio | ||
| 338 | |a volumen |b nc |2 rdasoporte | ||
| 520 | |a Conjunto de estudios sobre las reformas estructurales en los sistemas nacionales de pensiones en América Latina desarrolladas durante las décadas de 1980 y principalmente de 1990, encabezadas cronológicamente por Chile en 1981 y que México emprendió 16 años después, surgidas de las experiencias y lecciones discutidas durante un foro de expertos organizado por el Banco Interamericano de Desarrollo (BID) y celebrado en Washington, D.C., Estados Unidos, en 2004. Los autores participantes examinan las razones por las que fueron fructíferas o fallidas las reformas, identifican condiciones que las han obstaculizado o favorecido y las posibles soluciones a los problemas, con una perspectiva que plantea opciones para naciones que todavía no han emprendido la primera generación de reformas, y sugieren los pasos necesarios para consolidar y profundizar las reformas vigentes. El compendio reúne capítulos dedicados a los casos de Argentina, el Caribe de habla inglesa, Brasil, Chile y México. | ||
| 649 | |a XX | ||
| 650 | |a Jubilaciones y Pensiones - |z Argentina | ||
| 650 | |a Jubilaciones y Pensiones - |z Brasil | ||
| 650 | |a Jubilaciones y Pensiones - |z Chile | ||
| 650 | |a Jubilaciones y Pensiones - |z México | ||
| 650 | |a Jubilaciones y Pensiones - |z Latinoamérica - |x Tema Principal | ||
| 650 | |a Jubilaciones y Pensiones - |z Caribe, El | ||
| 650 | |a Fondos para el Retiro - |z México | ||
| 650 | |a Prestaciones Laborales - |z Latinoamérica | ||
| 650 | |a Previsión Social - |z Latinoamérica | ||
| 650 | |a Renta Vitalicia - |z Latinoamérica | ||
| 650 | |a Seguridad Social - |z Latinoamérica | ||
| 650 | |a Finanzas - |z Latinoamérica | ||
| 650 | |a Privatización - |z Latinoamérica | ||
| 650 | |a Reforma Económica - |z Latinoamérica | ||
| 650 | |a Economía Laboral - |z Latinoamérica | ||
| 650 | |a Crisis Económica - |z Argentina | ||
| 650 | |a Argentina - |x Condiciones Económicas | ||
| 650 | |a Economía - |z Argentina - |x Historia - |y 2001-2003 | ||
| 650 | |a Economía - |z Argentina - |x Historia - |y Siglo XXI | ||
| 650 | |a Brasil - |x Condiciones Económicas | ||
| 650 | |a Economía - |z Brasil - |x Historia - |y 1995-2003 | ||
| 650 | |a Economía - |z Brasil - |x Historia - |y Siglo XX | ||
| 650 | |a Economía - |z Brasil - |x Historia - |y Siglo XXI | ||
| 650 | |a Chile - |x Condiciones Económicas | ||
| 650 | |a Economía - |z Chile - |x Historia - |y 1980-1989 | ||
| 650 | |a Economía - |z Chile - |x Historia - |y 1990-1999 | ||
| 650 | |a Economía - |z Chile - |x Historia - |y Siglo XX | ||
| 650 | |a Economía - |z Chile - |x Historia - |y 2000-2009 | ||
| 650 | |a Economía - |z Chile - |x Historia - |y Siglo XXI | ||
| 650 | |a México - |x Condiciones Económicas | ||
| 650 | |a Economía - |z México - |x Historia - |y 1994-2000 | ||
| 650 | |a Economía - |z México - |x Historia - |y Siglo XX | ||
| 650 | |a Economía - |z México - |x Historia - |y 2000-2006 | ||
| 650 | |a Economía - |z México - |x Historia - |y Siglo XXI | ||
| 650 | |a Latinoamérica - |x Condiciones Económicas | ||
| 650 | |a Economía - |z Latinoamérica - |x Historia - |y 1980-1989 | ||
| 650 | |a Economía - |z Latinoamérica - |x Historia - |y 1990-1999 | ||
| 650 | |a Economía - |z Latinoamérica - |x Historia - |y Siglo XX | ||
| 650 | |a Economía - |z Latinoamérica - |x Historia - |y 2000-2009 | ||
| 650 | |a Economía - |z Latinoamérica - |x Historia - |y Siglo XXI | ||
| 650 | |a Caribe, El - |x Condiciones Económicas | ||
| 650 | |a Economía - |z Caribe, El - |x Historia - |y 1990-1999 | ||
| 650 | |a Economía - |z Caribe, El - |x Historia - |y Siglo XX | ||
| 650 | |a Economía - |z Caribe, El - |x Historia - |y 2000-2009 | ||
| 650 | |a Economía - |z Caribe, El - |x Historia - |y Siglo XXI | ||
| 910 | |a Fondo General | ||
| 920 | |a Impresos - Libros | ||
| 930 | |a Colección General | ||
| 905 | |a 101 | ||
| 901 | |a 0500132881 |b IT1 |c ACC |u 20250521 | ||
| 902 | |a https://opac.biblio.iteso.mx/vufind/Record/000189850 | ||